000 00304nam a2200121Ia 4500
008 220120s9999||||xx |||||||||||||| ||und||
020 _a9781595145710
082 _a621.395 GIV
100 _aGivone, Donald, D
_92779
245 0 _aDigital principles and design
260 _bNew York
300 _a323p.
_b0
999 _c136441
_d136441